000 00294nam a2200109Ia 4500
008 200302s9999 xx 000 0 und d
100 _aRoman Skowranek
245 _aBasics Building services lighiting design
260 _bLibrary of Congress cataloging in publish
260 _c2017
300 _a68
999 _c7339
_d7339